[Event "Cto Aragón Equipos Pref Gr I"]
[Site "Aragon"]
[Date "2015.02.28"]
[Round "6.36"]
[White "Arbiol Val, Sergio"]
[Black "Martinez Carnicer, Eduardo"]
[Result "0-1"]
[WhiteElo "1676"]
[BlackElo "1855"]
[PlyCount "104"]
[EventDate "2015.01.24"]
[WhiteTeam "Actur Rey Fernando"]
[BlackTeam "Sabiñanigo"]

1. e4 c5 2. Nf3 Nc6 3. d4 cxd4 4. Nxd4 Nf6 5. Nc3 e5 6. Ndb5 d6 7. Bg5 a6 8.
Na3 b5 9. Nd5 Be7 10. Bxf6 Bxf6 11. c3 O-O 12. Be2 Bg5 13. O-O f5 14. f4 exf4
15. Nxf4 Ne7 16. Qb3+ Kh8 17. Ne6 Bxe6 18. Qxe6 Rf6 19. Qb3 fxe4 20. c4 Qb6+
21. Kh1 b4 22. Nc2 a5 23. Qg3 Rxf1+ 24. Rxf1 Qc5 25. Rd1 Bf6 26. Qxd6 Qf2 27.
Qd2 Qh4 28. g3 Qh3 29. Bf1 Qh5 30. Be2 Qc5 31. b3 h6 32. Qf4 Qc6 33. Rd6 Qb7
34. Re6 Qd7 35. Rxe4 Rd8 36. Bg4 Qd3 37. Re2 Ng6 38. Qe4 Qxe4+ 39. Rxe4 Ne5 40.
Ne3 Rd2 41. Nd5 Rxa2 42. Nxf6 gxf6 43. Re2 Ra1+ 44. Kg2 Nxg4 45. Kh3 h5 46.
Re8+ Kg7 47. Re7+ Kg6 48. Re2 Rb1 49. Kh4 Rxb3 50. h3 Ne5 51. g4 Nf3+ 52. Kg3
Nd4+ 0-1

[Event "Cto Aragón Equipos Pref Gr I"]
[Site "Aragon"]
[Date "2015.02.28"]
[Round "6.37"]
[White "Sanz Lopez, Ruben"]
[Black "Baron Rodriguez, Jesus"]
[Result "0-1"]
[WhiteElo "1936"]
[BlackElo "2441"]
[PlyCount "90"]
[EventDate "2015.01.24"]
[WhiteTeam "ONCE Aragon B"]
[BlackTeam "Ibercaja B"]

1. d4 e6 2. e3 b6 3. Bd3 Bb7 4. Nf3 f5 5. O-O Nf6 6. c4 Bd6 7. Nc3 O-O 8. Qe2
Ne4 9. Nb5 Rf6 10. Nxd6 cxd6 11. Nd2 Rh6 12. f3 Qh4 13. fxe4 fxe4 14. g3 exd3
15. Qf2 Qe7 16. e4 Na6 17. Nf3 Rg6 18. Qe3 Nb4 19. Rb1 Rg4 20. Nd2 Nxa2 21.
Qxd3 d5 22. cxd5 exd5 23. Qf3 Qe6 24. Qb3 dxe4 25. Qxe6+ dxe6 26. Nc4 Ba6 27.
Ne5 Bxf1 28. Nxg4 Bd3 29. Ra1 Nxc1 30. Rxc1 b5 31. Ne5 a5 32. Kf2 a4 33. Ke3 b4
34. Nxd3 exd3 35. Kxd3 a3 36. bxa3 bxa3 37. Ra1 Kf7 38. Ra2 Ke7 39. Ke4 Kd6 40.
Kd3 Kd5 41. Kc3 g5 42. h4 g4 43. Kd3 h5 44. Ke3 Kc4 45. Ke4 Ra5 0-1

[Event "Cto Aragón Equipos Pref Gr I"]
[Site "Aragon"]
[Date "2015.02.28"]
[Round "6.39"]
[White "Carilla Garcia, Angel"]
[Black "Gines Abad, Pedro"]
[Result "0-1"]
[WhiteElo "1777"]
[BlackElo "2036"]
[PlyCount "68"]
[EventDate "2015.01.24"]
[WhiteTeam "ONCE Aragon B"]
[BlackTeam "Ibercaja B"]

1. c4 Nf6 2. Nc3 e5 3. Nf3 Nc6 4. g3 d5 5. cxd5 Nxd5 6. Bg2 Be6 7. d3 f6 8. a3
Qd7 9. Nxd5 Bxd5 10. b4 Nd4 11. O-O Nb3 12. Rb1 Nxc1 13. Qxc1 a5 14. b5 c6 15.
bxc6 Bxc6 16. Nd2 Bxg2 17. Kxg2 h5 18. h4 a4 19. Qb2 b5 20. Qxb5 Qxb5 21. Rxb5
Bxa3 22. Nc4 Be7 23. Ra1 Kf7 24. Nb2 a3 25. Nc4 Ra6 26. Ra2 Rha8 27. Kf3 g6 28.
Ke3 Rd8 29. f3 Ra4 30. Rb3 Bc5+ 31. Kd2 Rxc4 32. Ke1 Rb4 33. Rc3 Rb1+ 34. Kd2
Bb4 0-1

[Event "Cto Aragón Equipos Pref Gr I"]
[Site "Aragon"]
[Date "2015.02.28"]
[Round "6.40"]
[White "Torcal Miguel, Oscar"]
[Black "Lanaspa Ballesteros, Federico"]
[Result "1-0"]
[WhiteElo "1893"]
[BlackElo "1611"]
[PlyCount "87"]
[EventDate "2015.01.24"]
[WhiteTeam "Ibercaja B"]
[BlackTeam "ONCE Aragon B"]

1. e4 e6 2. d4 d5 3. e5 c5 4. Qg4 Nc6 5. Nf3 Qb6 6. Nbd2 Nh6 7. Qf4 Nf5 8. Bd3
c4 9. Bxf5 exf5 10. O-O h6 11. h4 Be7 12. c3 Be6 13. b3 Qa5 14. Bb2 Ba3 15.
Bxa3 Qxa3 16. Rfc1 Na5 17. bxc4 Nxc4 18. Nxc4 dxc4 19. Rab1 Qe7 20. Rb5 Rd8 21.
Rcb1 b6 22. R5b4 O-O 23. Nd2 Rc8 24. h5 Bd5 25. Qxf5 Qb7 26. f3 Rc6 27. Ne4
Bxe4 28. Qxe4 Rfc8 29. Rxc4 b5 30. Rxc6 Rxc6 31. Qd5 a6 32. a4 Qc7 33. axb5
axb5 34. Qxb5 Kf8 35. Qb8+ Qxb8 36. Rxb8+ Ke7 37. Rb3 Rc7 38. Kf2 Ke6 39. Ke3
Kd5 40. Rb5+ Ke6 41. Kd3 Ra7 42. Ke4 Rc7 43. d5+ Kd7 44. Kd4 1-0

[Event "Cto Aragón Equipos Pref Gr I"]
[Site "Aragon"]
[Date "2015.02.28"]
[Round "6.41"]
[White "Cifuentes Parada, Roberto"]
[Black "Sanchez Herrera, Miguel"]
[Result "1-0"]
[WhiteElo "2461"]
[BlackElo "2121"]
[PlyCount "77"]
[EventDate "2015.01.24"]
[WhiteTeam "Jaque"]
[BlackTeam "St. Casablanca C"]

1. d4 d5 2. Nf3 Nf6 3. Bf4 c5 4. e3 Qb6 5. Nc3 e6 6. Nb5 Na6 7. a4 c4 8. Be2
Bd7 9. O-O Bxb5 10. axb5 Nc7 11. b3 cxb3 12. c4 dxc4 13. Bxc4 Bd6 14. Bxd6 Qxd6
15. Qxb3 O-O 16. Ne5 Ncd5 17. Qa3 Qb6 18. Rfc1 Rfc8 19. Bd3 Rxc1+ 20. Rxc1 h6
21. g3 a5 22. bxa6 bxa6 23. Rb1 Qa7 24. e4 Qxd4 25. Nf3 Qc3 26. Rb3 Qc6 27.
exd5 Qxd5 28. Qb2 Nd7 29. Qc2 Nc5 30. Bh7+ Kh8 31. Rc3 Rd8 32. Kg2 Nd7 33. Be4
Qa5 34. Rc7 f5 35. Bb7 e5 36. Nh4 e4 37. Rxd7 Rxd7 38. Ng6+ Kg8 39. Qc4+ 1-0

[Event "Cto Aragón Equipos Pref Gr I"]
[Site "Aragon"]
[Date "2015.02.28"]
[Round "6.42"]
[White "Jaques Burguete, Raul"]
[Black "Perez Puyal, Jose Joaquin"]
[Result "1-0"]
[WhiteElo "2009"]
[BlackElo "1922"]
[PlyCount "81"]
[EventDate "2015.01.24"]
[WhiteTeam "St. Casablanca C"]
[BlackTeam "Jaque"]

1. e4 d5 2. exd5 Qxd5 3. Nc3 Qa5 4. d4 Nf6 5. Nf3 c6 6. Bd2 Bf5 7. Bc4 e6 8.
O-O Bb4 9. a3 Bxc3 10. Bxc3 Qc7 11. Re1 O-O 12. Qe2 Nbd7 13. Rad1 Nd5 14. Bxd5
cxd5 15. Nh4 Bg6 16. Nxg6 hxg6 17. Rd3 Nf6 18. Rh3 Rfc8 19. f3 Qf4 20. g3 Qd6
21. g4 Qf4 22. Qf2 g5 23. Bd2 Rxc2 24. Bxf4 Rxf2 25. Kxf2 gxf4 26. g5 Nh7 27.
Rh4 Nxg5 28. Rg4 f6 29. h4 Nf7 30. Rxe6 Rc8 31. Rxf4 Rc2+ 32. Re2 Rc4 33. Re8+
Kh7 34. Re7 Ne5 35. dxe5 Rxf4 36. e6 Rxh4 37. Rxb7 Kg6 38. Rb8 Rh2+ 39. Ke3 Rh1
40. Kd2 Rh2+ 41. Kd3 1-0

[Event "Cto Aragón Equipos Pref Gr I"]
[Site "Aragon"]
[Date "2015.02.28"]
[Round "6.43"]
[White "Escartin Lacasa, Jose"]
[Black "Antonano Fedz-Quincoces, Aveli"]
[Result "0-1"]
[WhiteElo "1626"]
[BlackElo "1978"]
[PlyCount "82"]
[EventDate "2015.01.24"]
[WhiteTeam "Jaque"]
[BlackTeam "St. Casablanca C"]

1. d4 f5 2. Nf3 Nf6 3. g3 e6 4. Bg2 Be7 5. O-O O-O 6. c4 d6 7. Nc3 Qe8 8. Bf4
Nh5 9. Bd2 Bf6 10. e4 fxe4 11. Nxe4 Nc6 12. Nxf6+ Nxf6 13. Re1 Qh5 14. Bf4 Bd7
15. Ng5 Rae8 16. d5 Qxd1 17. Raxd1 exd5 18. cxd5 Rxe1+ 19. Rxe1 Nb4 20. Re7 Re8
21. Rxe8+ Bxe8 22. Ne4 Nfxd5 23. Bd2 Bc6 24. a3 Nd3 25. b4 a6 26. Ng5 h6 27.
Ne6 Kf7 28. Bxd5 Bxd5 29. Nxc7 Bc6 30. Na8 Ne5 31. Bf4 b5 32. Nb6 Ke6 33. Kf1
g5 34. Be3 Ng4 35. h3 Nxe3+ 36. fxe3 d5 37. Ke2 Kd6 38. Nc8+ Kd7 39. Na7 Bb7
40. a4 bxa4 41. b5 axb5 0-1

[Event "Cto Aragón Equipos Pref Gr I"]
[Site "Aragon"]
[Date "2015.02.28"]
[Round "6.44"]
[White "Lafarga Bueno, Daniel"]
[Black "Ereza Vizcarra, Fernando"]
[Result "1/2-1/2"]
[WhiteElo "1910"]
[BlackElo "1572"]
[PlyCount "64"]
[EventDate "2015.01.24"]
[WhiteTeam "St. Casablanca C"]
[BlackTeam "Jaque"]

1. c4 d6 2. g3 Nf6 3. Bg2 e5 4. Nc3 Nbd7 5. d3 c6 6. e4 g6 7. Nge2 Bg7 8. O-O
O-O 9. h3 Nc5 10. Be3 Ne6 11. Qd2 c5 12. f4 exf4 13. gxf4 Nh5 14. f5 Nd4 15.
fxg6 Nxe2+ 16. Nxe2 hxg6 17. Bg5 f6 18. Be3 Be6 19. Rf3 Qd7 20. Ng3 Bxh3 21.
Nxh5 Bxg2 22. Qxg2 gxh5 23. Bh6 Kh7 24. Bxg7 Qxg7 25. Rf5 Qxg2+ 26. Kxg2 Kg6
27. Raf1 Rae8 28. Kh3 Re5 29. Kh4 a6 30. Rg1+ Kh6 31. Rgf1 Kg6 32. Rg1+ Kh6
1/2-1/2

[Event "Cto Aragón Equipos Pref Gr I"]
[Site "Aragon"]
[Date "2015.02.28"]
[Round "6.45"]
[White "Naya Sancho, Juan Manuel"]
[Black "Guetas Sanchez, Hugo"]
[Result "1/2-1/2"]
[WhiteElo "1889"]
[BlackElo "2173"]
[PlyCount "40"]
[EventDate "2015.01.24"]
[WhiteTeam "Delicias B"]
[BlackTeam "La Aurora Estadilla B"]

1. c4 c6 2. e4 g6 3. Nc3 Bg7 4. d4 c5 5. Nge2 cxd4 6. Nxd4 Nc6 7. Be3 d6 8. Qd2
Nf6 9. h3 O-O 10. Be2 Bd7 11. O-O Nxd4 12. Bxd4 Bc6 13. Qd3 Nd7 14. Bxg7 Kxg7
15. Qd4+ Kg8 16. Rfd1 a5 17. Bg4 Ne5 18. Be2 Nd7 19. Bg4 Ne5 20. Be2 Nd7
1/2-1/2

[Event "Cto Aragón Equipos Pref Gr I"]
[Site "Aragon"]
[Date "2015.02.28"]
[Round "6.46"]
[White "Felez Casedas, Carlos"]
[Black "Sanchez Perez, Carlos"]
[Result "1-0"]
[WhiteElo "2013"]
[BlackElo "1499"]
[PlyCount "85"]
[EventDate "2015.01.24"]
[WhiteTeam "La Aurora Estadilla B"]
[BlackTeam "Delicias B"]

1. Nf3 d6 2. e4 Bg4 3. Bc4 Nc6 4. Bxf7+ Kd7 5. h3 Nh6 6. Bb3 Bxf3 7. Qxf3 e6 8.
d3 Qf6 9. Qxf6 gxf6 10. c3 a6 11. O-O Re8 12. Nd2 Nf7 13. f4 Na5 14. Bc2 h5 15.
b4 Nc6 16. Bb3 Re7 17. Nf3 Nfd8 18. Nh4 Rg7 19. a4 Ne7 20. Ra2 Ng6 21. Nxg6
Rxg6 22. f5 Rg3 23. Rf3 Rxf3 24. fxe6+ Nxe6 25. Bxe6+ Kxe6 26. gxf3 Rg8+ 27.
Rg2 Rxg2+ 28. Kxg2 c5 29. bxc5 dxc5 30. Kg3 b5 31. axb5 axb5 32. Kf2 f5 33. d4
Bg7 34. Be3 cxd4 35. Bxd4 Bxd4+ 36. cxd4 fxe4 37. fxe4 Kf6 38. h4 Ke6 39. Ke2
Kd6 40. Kd2 b4 41. Kc2 Kc6 42. Kb2 Kb5 43. Kb3 1-0

[Event "Cto Aragón Equipos Pref Gr I"]
[Site "Aragon"]
[Date "2015.02.28"]
[Round "6.50"]
[White "Arino Castan, Federico"]
[Black "Maza Broto, Pablo"]
[Result "0-1"]
[WhiteElo "1777"]
[BlackElo "2076"]
[PlyCount "66"]
[EventDate "2015.01.24"]
[WhiteTeam "Binefar"]
[BlackTeam "Jaime Casas B"]

1. d4 g6 2. c4 Bg7 3. Nc3 Nf6 4. Nf3 d6 5. Bg5 Nbd7 6. e3 O-O 7. Bd3 c6 8. O-O
h6 9. Bh4 g5 10. Bg3 Re8 11. Qc2 Nh5 12. h3 Nxg3 13. fxg3 Nf6 14. Ne4 d5 15.
Nf2 dxc4 16. Bxc4 Nd5 17. Rae1 Be6 18. a3 Rc8 19. b4 a5 20. e4 axb4 21. Ba2 Nc7
22. axb4 Bxa2 23. Qxa2 Nb5 24. Ne5 e6 25. Nfg4 Qxd4+ 26. Qf2 Bxe5 27. Nxe5
Qxf2+ 28. Rxf2 Re7 29. Rf6 Kg7 30. Ref1 Nd6 31. Ng4 Nxe4 32. R6f3 f5 33. Rd3
fxg4 0-1

[Event "Cto Aragón Equipos Pref Gr I"]
[Site "Aragon"]
[Date "2015.02.28"]
[Round "6.51"]
[White "Rodriguez Leiva, Manuel"]
[Black "Saura Solano, Jose Luis"]
[Result "1-0"]
[WhiteElo "1956"]
[BlackElo "1764"]
[PlyCount "45"]
[EventDate "2015.01.24"]
[WhiteTeam "Jaime Casas B"]
[BlackTeam "Binefar"]

1. c4 Nf6 2. Nc3 e6 3. Nf3 b6 4. e4 d6 5. d4 Bb7 6. Bd3 Be7 7. O-O O-O 8. d5
Na6 9. a3 Nc5 10. Bc2 exd5 11. exd5 Ng4 12. Nd4 Ne5 13. b4 Ncd7 14. f4 Ng6 15.
Ne4 Nf6 16. Ng5 a5 17. b5 Nd7 18. Qh5 Nf6 19. Qe2 Re8 20. Qd3 Nd7 21. Nxh7 Kxh7
22. Ne6 Nc5 23. Qh3+ 1-0

[Event "Cto Aragón Equipos Pref Gr II"]
[Site "Aragon"]
[Date "2015.02.28"]
[Round "6.53"]
[White "Malo Guillen, Jose Luis"]
[Black "Hinojar Basa, Alfonso"]
[Result "1/2-1/2"]
[WhiteElo "2167"]
[BlackElo "2204"]
[PlyCount "57"]
[EventDate "2015.01.24"]
[WhiteTeam "Las Fuentes"]
[BlackTeam "Marcos Frechin"]

1. d4 Nf6 2. c4 e6 3. Nf3 d5 4. g3 Be7 5. Bg2 O-O 6. O-O dxc4 7. Qc2 a6 8. Qxc4
b5 9. Qc2 Bb7 10. Bd2 Be4 11. Qc1 Nbd7 12. Ba5 Ra7 13. Nbd2 Ba8 14. Qc2 Qb8 15.
b4 Rc8 16. e4 Bf8 17. Rac1 g6 18. Rfe1 Bh6 19. Rcd1 Ne8 20. Nb3 Nd6 21. d5 exd5
22. exd5 c6 23. dxc6 Bxc6 24. Qd3 Nc4 25. Qd4 Bg7 26. Qg4 h5 27. Qg5 Bf6 28.
Qh6 Bg7 29. Qg5 1/2-1/2

[Event "Cto Aragón Equipos Pref Gr II"]
[Site "Aragon"]
[Date "2015.02.28"]
[Round "6.54"]
[White "Fuster Garcia, Luis"]
[Black "Alonso Blasco, Jose Miguel"]
[Result "1/2-1/2"]
[WhiteElo "2195"]
[BlackElo "2078"]
[PlyCount "55"]
[EventDate "2015.01.24"]
[WhiteTeam "Marcos Frechin"]
[BlackTeam "Las Fuentes"]

1. e4 c6 2. Nc3 d5 3. Nf3 Bg4 4. h3 Bxf3 5. Qxf3 e6 6. exd5 cxd5 7. d4 Nc6 8.
Bb5 Nge7 9. Be3 a6 10. Bxc6+ Nxc6 11. O-O Be7 12. Ne2 Bf6 13. c3 O-O 14. Qg4
Kh8 15. Nf4 g6 16. Nd3 Bg7 17. f4 Ne7 18. Qf3 Nf5 19. g4 Nd6 20. Ne5 f6 21. Nd3
f5 22. gxf5 gxf5 23. Kh2 Ne4 24. Rg1 Qe7 25. Ne5 Bxe5 26. fxe5 Qh4 27. Rg2 Rg8
28. Rag1 1/2-1/2

[Event "Cto Aragón Equipos Pref Gr II"]
[Site "Aragon"]
[Date "2015.02.28"]
[Round "6.55"]
[White "Mombiela De Sus, Jose Luis"]
[Black "Sancho Cortes, Miguel Angel"]
[Result "1-0"]
[WhiteElo "1999"]
[BlackElo "2047"]
[PlyCount "45"]
[EventDate "2015.01.24"]
[WhiteTeam "Las Fuentes"]
[BlackTeam "Marcos Frechin"]

1. c4 f5 2. g3 Nf6 3. Bg2 g6 4. Nc3 Bg7 5. d3 O-O 6. e4 fxe4 7. dxe4 d6 8. Nge2
c5 9. O-O Nc6 10. h3 Be6 11. b3 Rb8 12. Be3 a6 13. f4 Qc8 14. Kh2 b5 15. cxb5
axb5 16. Rc1 Rd8 17. Qe1 b4 18. Na4 Nd7 19. g4 Qa6 20. e5 Nd4 21. Bxd4 cxd4 22.
Nxd4 dxe5 23. Rc6 1-0

[Event "Cto Aragón Equipos Pref Gr II"]
[Site "Aragon"]
[Date "2015.02.28"]
[Round "6.56"]
[White "Forcen Esteban, Victor"]
[Black "Javierre Conesa, Alfonso"]
[Result "0-1"]
[WhiteElo "1916"]
[BlackElo "1955"]
[PlyCount "51"]
[EventDate "2015.01.24"]
[WhiteTeam "Marcos Frechin"]
[BlackTeam "Las Fuentes"]

1. e4 d6 2. d4 Nf6 3. Nc3 g6 4. Nf3 Bg7 5. Bg5 c6 6. Bc4 b5 7. Bd3 O-O 8. Qd2
Qc7 9. Bh6 e5 10. Bxg7 Kxg7 11. Qg5 Nbd7 12. a3 Re8 13. O-O-O a5 14. Rhe1 b4
15. axb4 axb4 16. Nb1 Nb6 17. h3 Ra2 18. b3 c5 19. dxe5 dxe5 20. Nbd2 h6 21.
Qe3 Be6 22. Qe2 Rd8 23. Bb5 Qa7 24. Nb1 Rc8 25. Nxe5 Bxb3 26. Rd2 0-1

[Event "Cto Aragón Equipos Pref Gr II"]
[Site "Aragon"]
[Date "2015.02.28"]
[Round "6.57"]
[White "Vera Aranjuelo, Jesus Maria"]
[Black "Juberias Segura, Santiago"]
[Result "0-1"]
[WhiteElo "2027"]
[BlackElo "2031"]
[PlyCount "92"]
[EventDate "2015.01.24"]
[WhiteTeam "Caissa B"]
[BlackTeam "St. Casablanca D"]

1. d4 Nf6 2. Nf3 g6 3. Bf4 Bg7 4. e3 d6 5. Be2 Nbd7 6. h3 c5 7. c3 b6 8. O-O
O-O 9. Bh2 Bb7 10. Nbd2 Rc8 11. Rc1 a6 12. Ng5 h6 13. Ngf3 b5 14. b4 cxb4 15.
cxb4 Rxc1 16. Qxc1 Qa8 17. Qa1 Rc8 18. Rc1 Nb6 19. Ne1 Na4 20. Bf3 Bxf3 21.
Nexf3 Nd5 22. a3 Ndc3 23. Kh1 Ne2 24. Re1 Nec3 25. Rc1 Rc7 26. Nb1 Qc8 27. Nxc3
Rxc3 28. Rxc3 Qxc3 29. Qa2 Qc1+ 30. Bg1 Nc3 31. Qb3 e5 32. dxe5 dxe5 33. e4 Bf6
34. g3 Ne2 35. Qd3 Qc4 36. Qe3 Nd4 37. Kg2 Nc2 38. Qb6 Qxe4 39. Qxf6 Ne1+ 40.
Kf1 Nxf3 41. Qd8+ Kg7 42. Qd1 Qc4+ 43. Kg2 e4 44. g4 Qc3 45. Qd5 Ng5 46. f4
Qf3+ 0-1

[Event "Cto Aragón Equipos Pref Gr II"]
[Site "Aragon"]
[Date "2015.02.28"]
[Round "6.58"]
[White "Cebollada Pacheco, Jesus Raul"]
[Black "Galvez Perez, Jose Luis"]
[Result "0-1"]
[WhiteElo "2029"]
[BlackElo "1947"]
[PlyCount "71"]
[EventDate "2015.01.24"]
[WhiteTeam "St. Casablanca D"]
[BlackTeam "Caissa B"]

1. e4 g6 2. d4 Bg7 3. Nc3 d6 4. f4 Nf6 5. Nf3 O-O 6. Bd3 Na6 7. O-O c5 8. Bxa6
cxd4 9. Nxd4 bxa6 10. Nf3 Bb7 11. Qe1 Rc8 12. h3 e6 13. Kh1 Rc4 14. Nd2 Rc7 15.
Nb3 Qa8 16. Nd2 Rfc8 17. Rf2 Rxc3 18. bxc3 Nxe4 19. Nxe4 Bxe4 20. Bb2 f5 21.
Rb1 Bf6 22. Kh2 Bh4 23. g3 Bd8 24. Qd2 Bd5 25. Ba3 Qc6 26. Rd1 Ba5 27. Bb2 Bb6
28. Rff1 Qa4 29. Rfe1 Qxa2 30. Rb1 a5 31. Qd3 a4 32. Ba1 Rc4 33. Rb2 Qa3 34.
Rb4 Re4 35. Rbxe4 fxe4 36. Qb5 0-1

[Event "Cto Aragón Equipos Pref Gr II"]
[Site "Aragon"]
[Date "2015.02.28"]
[Round "6.59"]
[White "Vasilev, Vas"]
[Black "Goni Navarro, Pablo"]
[Result "1/2-1/2"]
[WhiteElo "1943"]
[BlackElo "1930"]
[PlyCount "54"]
[EventDate "2015.01.24"]
[WhiteTeam "Caissa B"]
[BlackTeam "St. Casablanca D"]

1. d4 d5 2. Nf3 c6 3. Bg5 Qb6 4. Nbd2 Qxb2 5. e3 e6 6. Bd3 Be7 7. h4 Nf6 8. O-O
Qa3 9. Ne5 Nbd7 10. f4 h6 11. Bxf6 gxf6 12. Qh5 Nxe5 13. fxe5 f5 14. Nf3 c5 15.
dxc5 Bxc5 16. Nd4 Bd7 17. Nb5 Bxb5 18. Bxb5+ Ke7 19. Rxf5 exf5 20. Qxf5 Qxe3+
21. Kh1 Qf2 22. Qh3 Rad8 23. Rf1 Qd4 24. Rxf7+ Kxf7 25. Qf5+ Kg8 26. Qg6+ Kf8
27. Qf6+ Kg8 1/2-1/2

[Event "Cto Aragón Equipos Pref Gr II"]
[Site "Aragon"]
[Date "2015.02.28"]
[Round "6.60"]
[White "Zambrana Petisme, Ramiro"]
[Black "Prieto Martinez, Fco. Javier"]
[Result "1-0"]
[WhiteElo "1908"]
[BlackElo "1829"]
[PlyCount "71"]
[EventDate "2015.01.24"]
[WhiteTeam "St. Casablanca D"]
[BlackTeam "Caissa B"]

1. e4 e5 2. Nf3 Nf6 3. Nxe5 Qe7 4. Nf3 Nxe4 5. Be2 d5 6. d3 Nf6 7. Nc3 Be6 8.
Bg5 Nbd7 9. Qd2 a6 10. O-O-O O-O-O 11. Rhe1 Qb4 12. d4 Ne4 13. Nxe4 dxe4 14. d5
e3 15. fxe3 Nf6 16. Qxb4 Bxb4 17. Bxf6 gxf6 18. c3 Bxc3 19. bxc3 Bxd5 20. c4
Bc6 21. g3 Rde8 22. Nd4 Be4 23. Bg4+ Kb8 24. Kb2 Re5 25. Rd2 c5 26. Nf3 Re7 27.
Nh4 h5 28. Bf3 Bh7 29. Bxh5 Rhe8 30. Rf2 Rd8 31. Bd1 Red7 32. Bc2 Rd2 33. Ree2
Rxc2+ 34. Rxc2 Bxc2 35. Kxc2 Re8 36. Nf5 1-0

[Event "Cto Aragón Equipos Pref Gr II"]
[Site "Aragon"]
[Date "2015.02.28"]
[Round "6.61"]
[White "Carruez Berges, Fernando"]
[Black "Galve Guinea, Alejandro"]
[Result "0-1"]
[WhiteElo "2095"]
[BlackElo "2041"]
[PlyCount "48"]
[EventDate "2015.01.24"]
[WhiteTeam "Agrupacion B"]
[BlackTeam "El Olivar C"]

1. g3 Nf6 2. Bg2 g6 3. e4 d6 4. c4 Bg7 5. Nc3 O-O 6. Nge2 e5 7. O-O c6 8. d3 a5
9. h3 Nbd7 10. f4 exf4 11. gxf4 Qb6+ 12. Kh1 Re8 13. f5 Nf8 14. fxg6 fxg6 15.
Bg5 Nh5 16. Qd2 Ne6 17. Bh6 Be5 18. Bf3 Neg7 19. Rg1 Qf2 20. Bg2 Bxh3 21. Be3
Qh4 22. Bg5 Bxg2+ 23. Kxg2 Qh2+ 24. Kf1 Rf8+ 0-1

[Event "Cto Aragón Equipos Pref Gr II"]
[Site "Aragon"]
[Date "2015.02.28"]
[Round "6.62"]
[White "Hernandez Delgado, Gabriel"]
[Black "Carruez Berges, Santiago"]
[Result "0-1"]
[WhiteElo "1925"]
[BlackElo "2084"]
[PlyCount "144"]
[EventDate "2015.01.24"]
[WhiteTeam "El Olivar C"]
[BlackTeam "Agrupacion B"]

1. Nf3 g6 2. g3 Bg7 3. Bg2 e5 4. d3 Ne7 5. e4 O-O 6. O-O Nbc6 7. c3 d6 8. h3 h6
9. Be3 Kh7 10. d4 d5 11. Nxe5 Nxe5 12. dxe5 dxe4 13. Bc5 Qxd1 14. Rxd1 Re8 15.
Nd2 Nc6 16. Nxe4 Nxe5 17. Bd4 f5 18. Nc5 c6 19. f4 Nc4 20. Bxg7 Kxg7 21. b3 Ne3
22. Re1 Kf7 23. Bf3 Nd5 24. Rxe8 Kxe8 25. c4 Ne7 26. Re1 Kf7 27. Nd3 Be6 28.
Ne5+ Kf6 29. Rd1 Re8 30. Kf2 Nc8 31. Rd4 Rg8 32. Nd3 Ke7 33. Nc5 Nd6 34. Rd1
Bc8 35. Re1+ Kf6 36. h4 g5 37. hxg5+ hxg5 38. Rh1 b6 39. Nd3 Ne4+ 40. Bxe4 fxe4
41. Ne5 gxf4 42. gxf4 Kf5 43. Rh4 c5 44. Nc6 Rg7 45. Ne5 Bb7 46. Ke3 Rg3+ 47.
Kf2 Rc3 48. Nf7 Rd3 49. Nh6+ Kg6 50. Ke2 Rc3 51. Ng8 Rc2+ 52. Ke3 Rxa2 53. Ne7+
Kf6 54. Nd5+ Bxd5 55. cxd5 Ra3 56. Kxe4 Rxb3 57. Rh6+ Kg7 58. Re6 Kf7 59. f5
Rb1 60. d6 Rd1 61. Re7+ Kf8 62. Ke5 Re1+ 63. Kf6 Rd1 64. d7 Rd6+ 65. Re6 Rxd7
66. Rc6 Rf7+ 67. Kg6 Rg7+ 68. Kh6 Rg1 69. Rc7 a5 70. Rb7 a4 71. Rxb6 Kf7 72.
Ra6 Rg3 0-1

[Event "Cto Aragón Equipos Pref Gr II"]
[Site "Aragon"]
[Date "2015.02.28"]
[Round "6.63"]
[White "Lopez Guaita, Fernando"]
[Black "Labrador Postigo, Francisco M"]
[Result "1-0"]
[WhiteElo "1967"]
[BlackElo "1894"]
[PlyCount "57"]
[EventDate "2015.01.24"]
[WhiteTeam "Agrupacion B"]
[BlackTeam "El Olivar C"]

1. d4 d5 2. Nf3 Nf6 3. e3 g6 4. Bd3 Bg7 5. O-O O-O 6. Ne5 Nfd7 7. f4 c5 8. c3
Nxe5 9. fxe5 Nc6 10. Nd2 Rb8 11. Nf3 Bg4 12. h3 Bxf3 13. gxf3 b5 14. Bd2 Qd7
15. Kh2 b4 16. f4 bxc3 17. bxc3 cxd4 18. cxd4 Rb2 19. Kg3 Nb4 20. Bb1 Qb5 21.
Bc1 Nc2 22. a4 Qc4 23. Bxb2 Nxe3 24. Bd3 Qb4 25. Qc1 Nxf1+ 26. Bxf1 Rb8 27. Bb5
a6 28. Bc3 Qb3 29. Ra3 1-0

[Event "Cto Aragón Equipos Pref Gr II"]
[Site "Aragon"]
[Date "2015.02.28"]
[Round "6.65"]
[White "Garcia Gracia, Victor Hugo"]
[Black "Martinez Catalan, Fco. Javier"]
[Result "1/2-1/2"]
[WhiteElo "2003"]
[BlackElo "2226"]
[PlyCount "56"]
[EventDate "2015.01.24"]
[WhiteTeam "Santa Isabel"]
[BlackTeam "La Aurora Estadilla"]

1. e4 e6 2. d4 d5 3. Nd2 Be7 4. c3 c5 5. exd5 Qxd5 6. Ngf3 cxd4 7. Bc4 Qh5 8.
cxd4 Nf6 9. O-O O-O 10. Ne5 Qxd1 11. Rxd1 b6 12. Nf1 Bb7 13. Bg5 Nc6 14. Bxf6
Bxf6 15. Nxc6 Bxc6 16. Rd2 Rfd8 17. Rad1 Bd5 18. Ne3 Bxc4 19. Nxc4 Rac8 20. b3
b5 21. Ne3 Rc6 22. g3 Rcd6 23. d5 Bc3 24. Rc2 b4 25. a3 a5 26. axb4 axb4 27.
Ra2 g6 28. Ra5 Kg7 1/2-1/2

[Event "Cto Aragón Equipos Pref Gr II"]
[Site "Aragon"]
[Date "2015.02.28"]
[Round "6.67"]
[White "Peris Laorden, Gerardo"]
[Black "Solano Lasierra, Javier"]
[Result "0-1"]
[WhiteElo "1784"]
[BlackElo "2167"]
[PlyCount "70"]
[EventDate "2015.01.24"]
[WhiteTeam "Santa Isabel"]
[BlackTeam "La Aurora Estadilla"]

1. Nf3 Nf6 2. c4 g6 3. Nc3 Bg7 4. e4 d6 5. d4 O-O 6. Be2 c5 7. d5 Na6 8. O-O
Nc7 9. Bg5 h6 10. Bf4 Nh5 11. Be3 a6 12. a4 Rb8 13. Qd2 Kh7 14. a5 b5 15. axb6
Rxb6 16. Ne1 Nf6 17. Nd3 Ng4 18. Bxg4 Bxg4 19. f4 Bd7 20. Ra2 Qb8 21. e5 Bf5
22. b4 Bxd3 23. bxc5 Bxf1 24. cxb6 Bxc4 25. bxc7 Qxc7 26. Rc2 Bb3 27. Rc1 dxe5
28. Ne4 Qd8 29. d6 exd6 30. Nxd6 exf4 31. Bxf4 Qf6 32. Rb1 Be6 33. Rb4 Qa1+ 34.
Kf2 Bc3 35. Rb1 Bxd2 0-1

[Event "Cto Aragón Equipos Pref Gr II"]
[Site "Aragon"]
[Date "2015.02.28"]
[Round "6.68"]
[White "Pellicer Cemeli, Jose Luis"]
[Black "Aspas Aspas, Mariano"]
[Result "0-1"]
[WhiteElo "2034"]
[BlackElo "1739"]
[PlyCount "86"]
[EventDate "2015.01.24"]
[WhiteTeam "La Aurora Estadilla"]
[BlackTeam "Santa Isabel"]

1. e4 e6 2. d4 d5 3. e5 c5 4. c3 Nc6 5. Be3 Qb6 6. Qd2 cxd4 7. cxd4 Nge7 8. Nc3
Nf5 9. Nf3 Be7 10. Bd3 Nxe3 11. fxe3 Bd7 12. Rc1 Rc8 13. O-O Na5 14. Qf2 O-O
15. Kh1 Nc4 16. b3 Na3 17. Nd2 Qb4 18. Ndb1 Nxb1 19. Nxb1 Rxc1 20. Rxc1 Rc8 21.
Rf1 Rf8 22. Qc2 g6 23. a3 Qb6 24. a4 a6 25. Nc3 Rc8 26. Qf2 Be8 27. Ne2 Qxb3
28. Nf4 Qxa4 29. h4 Qa3 30. h5 Rc1 31. hxg6 Rxf1+ 32. Bxf1 hxg6 33. Qg3 Bb5 34.
Bxb5 axb5 35. Nh5 Qc1+ 36. Kh2 Qf1 37. Nf4 g5 38. Nh3 Qf5 39. Nf2 Qh7+ 40. Kg1
b4 41. Ng4 Qh4 42. Qf3 b3 43. Nf6+ Kf8 0-1